000 01605cam a2200277zu 4500
001 88819625
003 FRCYB88819625
005 20251020123102.0
006 m o d
007 cr un
008 251020s2010 fr | o|||||0|0|||fre d
020 _a9782200351168
035 _aFRCYB88819625
040 _aFR-PaCSA
_bfr
_c
_erda
100 1 _aHourcade, Bernard
245 0 1 _aGéopolitique de l'Iran
_c['Hourcade, Bernard']
264 1 _bArmand Colin
_c2010
300 _a p.
336 _btxt
_2rdacontent
337 _bc
_2rdamdedia
338 _bc
_2rdacarrier
650 0 _a
700 0 _aHourcade, Bernard
856 4 0 _2Cyberlibris
_uhttps://international.scholarvox.com/netsen/book/88819625
_qtext/html
_a
520 _aL'Iran éternel, chiite, persan puis pétrolier a toujours affirmé sa forte identité entre les mondes arabe, turc, indien et européen. L'Iran du chah était « le gendarme du golfe Persique » face à l'URSS. La révolution islamique de 1979 a bouleversé le Moyen-Orient et l'ordre mondial en s'opposant aux États-Unis, à ses voisins arabes et à Israël. Aucun pays au monde n'a subi autant de conflits et de guerres sur ses frontières ni suscité autant d'hostilité. Avec ses ambitions nucléaires, l'Iran islamique est perçu comme un État terroriste et une menace. De façon paradoxale, la nouvelle société iranienne affirme sa volonté de participer au monde contemporain, sans renoncer à son héritage national et musulman. L'ancienne Perse serait-elle en train de se transformer en une puissance globale émergente ? 
999 _c1553013
_d1553013